NBA/ABA Top 250 Steals Leaders - Statistics

General Stats
  • This quiz has been taken 5 times
  • The average score is 43 of 250
Answer Stats
Rank Player Steals % Correct
5 Gary Payton 2445
100%
1 John Stockton 3265
100%
6 LeBron James 2387
100%
4 Michael Jordan 2514
100%
2 Chris Paul 2728
80%
198 Dell Curry 985
80%
55 Jrue Holiday 1508
80%
15 Russell Westbrook 2025
80%
8 Scottie Pippen 2307
80%
41 Stephen Curry 1597
80%
10 Clyde Drexler 2207
60%
196 Giannis Antetokounmpo 988
60%
22 James Harden 1778
60%
3 Jason Kidd 2684
60%
170 John Wall 1045
60%
9 Julius Erving 2272
60%
118 Kareem Abdul-Jabbar 1160
60%
18 Kobe Bryant 1944
60%
57 Kyle Lowry 1501
60%
181 Kyrie Irving 1022
60%
45 Larry Bird 1556
60%
26 Magic Johnson 1724
60%
32 Mike Conley 1629
60%
248 Steve Nash 899
60%
A.C. Green 1033
40%
16 Allen Iverson 1983
40%
12 Alvin Robertson 2112
40%
162 Anthony Davis 1055
40%
Baron Davis 1530
40%
Ben Wallace 1369
40%
70 Bobby Jones 1387
40%
98 Carmelo Anthony 1223
40%
92 DeMar DeRozan 1237
40%
99 Draymond Green 1222
40%
35 Eddie Jones 1620
40%
105 Gerald Wallace 1200
40%
91 Grant Hill 1248
40%
20 Isiah Thomas 1861
40%
113 Jamal Crawford 1179
40%
James Worthy 1041
40%
150 Josh Smith 1083
40%
J.R. Smith 974
40%
13 Karl Malone 2085
40%
101 Kevin Durant 1217
40%
230 Khris Middleton 932
40%
68 Manu Ginóbili 1392
40%
Moses Malone 1199
40%
185 Nikola Jokić 1009
40%
43 Paul George 1579
40%
54 Rajon Rondo 1518
40%
66 Randy Smith 1403
40%
Rasheed Wallace 1090
40%
77 Rickey Green 1348
40%
Rick Fox 967
40%
161 Sam Cassell 1058
40%
112 Shawn Kemp 1185
40%
42 Terry Porter 1583
40%
38 Thaddeus Young 1612
40%
Tony Parker 1053
40%
50 Vince Carter 1530
40%
86 Walter Davis 1280
40%
47 Andre Miller 1546
20%
133 Anfernee Hardaway 1125
20%
Antoine Walker 1085
20%
186 Avery Johnson 1007
20%
154 Buck Williams 1080
20%
116 Caron Butler 1163
20%
30 Charles Barkley 1648
20%
165 Chauncey Billups 1051
20%
109 Chris Webber 1197
20%
Dale Ellis 974
20%
212 Damon Stoudamire 953
20%
Darrell Armstrong 1133
20%
145 Darrell Walker 1090
20%
58 Dennis Johnson 1477
20%
103 Dirk Nowitzki 1210
20%
Dwight Howard 1081
20%
Dwyane Wade 1620
20%
194 Foots Walker 992
20%
124 Fred Brown 1149
20%
85 George Gervin 1283
20%
209 Glen Rice 958
20%
31 Gus Williams 1638
20%
11 Hakeem Olajuwon 2162
20%
229 Jason Williams 933
20%
60 Jimmy Butler 1455
20%
157 Joe Johnson 1071
20%
78 Kawhi Leonard 1344
20%
236 Kemba Walker 923
20%
89 Kenny Anderson 1258
20%
21 Kevin Garnett 1859
20%
151 Kevin Johnson 1082
20%
82 Latrell Sprewell 1294
20%
Lou Williams 952
20%
Marcus Smart 1050
20%
7 Maurice Cheeks 2310
20%
27 Metta World Peace 1721
20%
Mickey Johnson 1025
20%
114 Mike Bibby 1172
20%
65 Monta Ellis 1409
20%
14 Mookie Blaylock 2075
20%
137 Nick Anderson 1114
20%
80 Paul Millsap 1327
20%
25 Paul Pierce 1752
20%
241 P.J. Brown 912
20%
61 Ray Allen 1451
20%
108 Ray Williams 1198
20%
56 Reggie Miller 1505
20%
Robert Horry 1158
20%
237 Spud Webb 922
20%
Stephon Marbury 1022
20%
178 Tim Duncan 1025
20%
64 Tim Hardaway 1428
20%
119 Tony Allen 1158
20%
81 T.R. Dunn 1316
20%
84 Vlade Divac 1288
20%
Aaron McKie 912
0%
219 Adrian Dantley 944
0%
Alex English 1067
0%
249 Al Horford 895
0%
232 Allen Leavell 929
0%
83 Alvan Adams 1289
0%
121 Andre Drummond 1157
0%
23 Andre Iguodala 1765
0%
143 Andrei Kirilenko 1097
0%
169 Antawn Jamison 1048
0%
211 Brent Barry 955
0%
94 Brevin Knight 1229
0%
139 Brian Taylor 1106
0%
97 Byron Scott 1224
0%
115 Calvin Murphy 1165
0%
75 Charles Oakley 1351
0%
123 Chris Ford 1152
0%
Chris Morris 917
0%
Chris Mullin 1530
0%
238 Christian Laettner 917
0%
67 Clifford Robinson 1402
0%
180 Corey Brewer 1023
0%
195 Craig Ehlo 989
0%
174 Dan Issel 1039
0%
110 Dan Majerle 1194
0%
131 Danny Ainge 1133
0%
188 Danny Manning 1000
0%
Darnell Valentine 910
0%
231 Darrell Griffith 931
0%
171 Darwin Cook 1044
0%
69 David Robinson 1388
0%
David Wesley 1280
0%
74 Derek Fisher 1352
0%
17 Derek Harper 1957
0%
156 Derrick McKey 1072
0%
190 Devin Harris 998
0%
44 Doc Rivers 1563
0%
71 Dominique Wilkins 1378
0%
19 Don Buse 1925
0%
46 Doug Christie 1555
0%
221 Dudley Bradley 940
0%
Elton Brand 940
0%
177 Eric Bledsoe 1028
0%
Eric Snow 975
0%
29 Fat Lever 1666
0%
Fatty Taylor 935
0%
62 George McGinnis 1448
0%
Gerald Henderson 939
0%
246 Gerald Wilkins 907
0%
106 Grant Long 1199
0%
34 Hersey Hawkins 1622
0%
126 Horace Grant 1143
0%
117 Jack Sikma 1162
0%
168 Jamaal Wilkes 1049
0%
James Posey 917
0%
193 Jason Richardson 995
0%
40 Jason Terry 1603
0%
122 Jay Humphries 1153
0%
49 Jeff Hornacek 1536
0%
226 Jeff Teague 936
0%
63 Jerome Kersey 1439
0%
216 Jim Paxson 951
0%
247 Joe Dumars 902
0%
187 John Drew 1004
0%
John Long 912
0%
88 John Lucas 1273
0%
184 Johnny Moore 1017
0%
160 Johnny Newman 1064
0%
John Starks 951
0%
53 Kendall Gill 1519
0%
142 Kentavious Caldwell-Pope 1100
0%
Kevin Willis 958
0%
205 Kirk Hinrich 972
0%
144 Larry Hughes 1092
0%
213 Larry Kenon 952
0%
147 Lester Conner 1085
0%
Lindsey Hunter 1120
0%
163 Lionel Hollins 1053
0%
206 Marcus Camby 967
0%
218 Mario Chalmers 950
0%
39 Mark Jackson 1608
0%
152 Michael Adams 1081
0%
166 Michael Cage 1050
0%
175 Michael Cooper 1033
0%
192 Michael Finley 996
0%
59 Michael Ray Richardson 1463
0%
76 Mike Gale 1349
0%
Mike Woodson 952
0%
102 Mitch Richmond 1211
0%
223 M.L. Carr 939
0%
72 Muggsy Bogues 1369
0%
48 Nate McMillan 1544
0%
172 Nenê 1041
0%
158 Nicolas Batum 1067
0%
111 Norm Nixon 1187
0%
129 Patrick Ewing 1136
0%
191 Paul Pressey 997
0%
Paul Westphal 1022
0%
220 P.J. Tucker 943
0%
79 Quinn Buckner 1337
0%
136 Rashard Lewis 1115
0%
125 Raymond Felton 1144
0%
104 Reggie Theus 1206
0%
141 Rick Barry 1104
0%
96 Ricky Rubio 1226
0%
Ricky Sobers 1085
0%
225 Robert Covington 938
0%
100 Robert Parish 1219
0%
204 Robert Reid 973
0%
37 Rod Strickland 1616
0%
28 Ron Harper 1716
0%
93 Rudy Gay 1231
0%
189 Sam Lacey 999
0%
140 Sam Perkins 1105
0%
128 Sedale Threatt 1138
0%
Shane Battier 988
0%
24 Shawn Marion 1759
0%
235 Sidney Moncrief 924
0%
134 Sleepy Floyd 1120
0%
208 Slick Watts 961
0%
201 Stacey Augmon 974
0%
138 Stephen Jackson 1109
0%
127 Terrell Brandon 1142
0%
90 Terry Cummings 1255
0%
227 Thabo Sefolosha 935
0%
T.J. McConnell 895
0%
155 Tom Gugliotta 1079
0%
Tracy McGrady 1136
0%
33 Trevor Ariza 1628
0%
95 Tyrone Corbin 1228
0%
233 Vern Fleming 926
0%
199 Vernon Maxwell 975
0%
234 Wesley Matthews 925
0%
244 World B. Free 910
0%
No matching quizzes found
Score Distribution
Percent of People with Each Score
Percentile by Number Answered
Your Score History
You have not taken this quiz